000 00454nam a2200169 4500
001 116309
003 ES-MaACL
005 20230906190659.0
007 t|
008 061121s1967 sp r ||||1| spa d
100 1 _aOsorio Delgado, Amalia.
_987773
245 1 3 _aEl loco de los Negrillos /
_cAmalia Osorio Delgado.
250 _a1ยช. ed.
260 _aMadrid :
_bS.O.L.,
_c1967.
300 _a229 p. ;
_c22 cm.
852 _aES-MaACL
_jA-6019
_bR.95068
999 _c116309
_d116309